000
00354nam a2200157Ia 4500
001
13091
005
20250626030817.0
008
211022s9999 xx 000 0 und d
082
_a
297 KHA
100
_a
Khan, Abdul Waheed
245
0
_a
Inter-faith essays and other articles
260
_a
Islamabad
260
_c
2011
300
_a
151
942
_c
BK
999
_c
12402
_d
12402